000 00662nam a2200217Ii 4500
003 JO-AjNU
008 230606s9999||||xx |||||||||||||| ||und||
020 _a978-1-492-04131-3
040 _aJO-AjNU
_beng
_erda
_cJO-AjNU
041 _aeng
050 1 4 _aQA76.9.A25.T736 2019
100 3 _aTroncone, Paul, Carl Albing, PhD,
_eauthor
_96667
245 0 0 _aCybersecurity Ops with bash: Attack, Defend, and Analyze from the Command Line
250 _a1ed
264 3 1 _aBoston: O.REILLY, 2019
300 _a281p
336 _atext
_btxt
_2rdacontent
337 _aunmediated
_bn
_2rdamedia
338 _avolume
_bnc
_2rdacarrier
650 4 _aCybersecurity
_96668
999 _aE3460
_c3454
_d3454